Statistiche per Locuzioni latine - Quiz n°1

Clicka qui per fare il quiz!

Statistiche generali

  • Questo quiz è stato fatto 25 volte
  • Il punteggio medio è 9 su 10

Statistiche sulle risposte

HintRisposta% Corretto
Mater semper certaLa madre è sempre certa
95%
Modus operandiModo di operare
95%
Ora et laboraPrega e lavora
95%
A latereDa un lato
91%
Captatio benevolentiaeAccattivarsi la simpatia
86%
Cui prodest?Chi ne beneficia?
86%
Ad libitumA piacere
82%
Ante litteramPrima della didascalia
82%
Motu proprioDi propria iniziativa
77%
Ad hocPer questo
77%

Distribuzione punteggi

Percentile per numero di risposta

Percentuale di utenti per punteggio

I tuoi punteggi nel tempo

Non hai fatto questo quiz